000 00387nam a2200145Ia 4500
008 150201s1999 xx 000 0 und d
082 _a617.6
_bF1999M
100 _aMURRAY,J.J
245 _aFLUORIDES IN CARIES PREVENTIONS
250 _a3RD
260 _bVARGHESE PUBLICATION
_aDADAR( MUMBAI)
_c1999
300 _a1-396
650 _aPREVENTIVE AND COMMUNITY DENTISTRY
942 _2ddc
_cBK
999 _c3598
_d3598